| 000 | 00807nam a2200193 u 4500 | ||
|---|---|---|---|
| 001 | 000283771 | ||
| 003 | AM-YeHGA | ||
| 005 | 20250617125747.0 | ||
| 008 | 031114s2003 ai r 000 0 rus d | ||
| 020 | _a555001310x | ||
| 040 | _aAM-YeHGA | ||
| 041 | 0 | _arus | |
| 100 | 1 | _aВердиян, Грета Григорьевна | |
| 245 | 1 | 0 |
_aШкола "Вевгим" как коллективный интеллигент : _bКонцепция раннего и базового образования / _cГрета Г. Вердиян. |
| 260 |
_aЕреван : _bНаири, _c2003. |
||
| 300 |
_a98 с., : _b[1] цв. л. портр : ил. |
||
| 650 | 1 | 4 |
_aШкольное обучение _xРаннее образование _xБазовое образование _zАрмения |
| 090 | _c105283 | ||
| 999 |
_c103962 _d103962 |
||